| 000 | 00450nam a22001455i 4500 | ||
|---|---|---|---|
| 001 | 171563 | ||
| 003 | ES-MaACL | ||
| 005 | 20230906214649.0 | ||
| 008 | 090520s1904 it |||| | ita d | ||
| 100 | 1 |
_aSolari, Gioele. _9140246 |
|
| 245 | 1 | 3 |
_aLa scuola del diritto naturale nelle dottrine etico-giuridiche dei secoli XVII e XVIII / _cGioele Solari. |
| 260 |
_aTorino : _bBocca, _c1904. |
||
| 300 |
_a224 p. ; _c24 cm. |
||
| 852 |
_aES-MaACL _jG-5361 |
||
| 999 |
_c171563 _d171563 |
||